| 000 | 00461nam a22001577a 4500 | ||
|---|---|---|---|
| 003 | NUST - PNEC | ||
| 005 | 20170116181155.0 | ||
| 008 | 160112b xxu||||| |||| 00| 0 eng d | ||
| 040 | _cLIBRARY | ||
| 082 | _a891.4391 TEH | ||
| 100 |
_915897 _aTehseen Faraqi |
||
| 245 |
_aMukhzan: Daur e jadeed Lahore (Quaid e Azam library ka adabi majla 27) _cDr. Tehseen Faraqi |
||
| 260 |
_aLahore _bQuaid e Azam Library; _cc2014. |
||
| 650 | _xGeneral | ||
| 942 |
_2ddc _cBK |
||
| 999 |
_c71194 _d71194 |
||